Escrutad : II carta a los consagrados y las consagradas en camino por los signos de Dios : palabras del Magisterio del Papa Francisco /

Сохранить в:
Библиографические подробности
Соавтор: Iglesia Católica. Papa (2013- : Francisco)
Формат:
Язык:испанский
Опубликовано: México : San Pablo : Ediciones Paulinas, 2014, c2014
Метки: Добавить метку
Нет меток, Требуется 1-ая метка записи!

MARC

LEADER 00000nam^a2200000^a^4500
001 000453813
005 20250521000000.0
009 20260310123910.237
020 |a 978-607-714-119-8 
037 |a Acervo Xavier Clavigero 
041 |a ESP 
091 |a FCA. 04701 
110 |a Iglesia Católica.  |b Papa (2013- : Francisco) 
245 1 0 |a Escrutad :  |b II carta a los consagrados y las consagradas en camino por los signos de Dios : palabras del Magisterio del Papa Francisco / 
264 4 |a México :  |b San Pablo :  |b Ediciones Paulinas,  |c 2014, c2014 
300 |a 82 p. 
336 |a texto  |b txt  |2 rdacontenido 
337 |a sin mediación  |b n  |2 rdamedio 
338 |a volumen  |b nc  |2 rdasoporte 
649 |a XX 
910 |a Fondo Xavier Cacho Vázquez S.J. 
920 |a Impresos - Libros 
930 |a Fondos Especiales 
905 |a 131 
901 |a 0500377253  |b IT2  |c ESP  |i D  |u 20250521 
902 |a https://opac.biblio.iteso.mx/vufind/Record/000453813